Midnight mayhem / (Record no. 1955)
[ view plain ]
| 000 -LEADER | |
|---|---|
| fixed length control field | 03795cam a22006018i 4500 |
| 001 - CONTROL NUMBER | |
| control field | 1955 |
| 003 - CONTROL NUMBER IDENTIFIER | |
| control field | OCoLC |
| 005 - DATE AND TIME OF LATEST TRANSACTION | |
| control field | 20260413162019.0 |
| 007 - PHYSICAL DESCRIPTION FIXED FIELD--GENERAL INFORMATION | |
| fixed length control field | ta |
| 008 - FIXED-LENGTH DATA ELEMENTS--GENERAL INFORMATION | |
| fixed length control field | 250925t20262026nyua c 000 1 eng |
| 010 ## - LIBRARY OF CONGRESS CONTROL NUMBER | |
| LC control number | 2025007452 |
| 040 ## - CATALOGING SOURCE | |
| Original cataloging agency | DLC |
| Language of cataloging | eng |
| Description conventions | rda |
| Transcribing agency | DLC |
| Modifying agency | BDX |
| -- | IG# |
| -- | YDX |
| -- | OCLCO |
| -- | CHILD |
| -- | LE# |
| -- | OCLCO |
| -- | JAS |
| -- | BKL |
| -- | JBI |
| -- | VPW |
| 019 ## - | |
| -- | 1523047250 |
| 020 ## - INTERNATIONAL STANDARD BOOK NUMBER | |
| International Standard Book Number | 9780823456352 |
| Qualifying information | (hardcover) : |
| Terms of availability | $19.00 |
| 020 ## - INTERNATIONAL STANDARD BOOK NUMBER | |
| International Standard Book Number | 0823456358 |
| Qualifying information | (hardcover) |
| 035 ## - SYSTEM CONTROL NUMBER | |
| System control number | (OCoLC)1523048473 |
| Canceled/invalid control number | (OCoLC)1523047250 |
| 042 ## - AUTHENTICATION CODE | |
| Authentication code | pcc |
| 050 00 - LIBRARY OF CONGRESS CALL NUMBER | |
| Classification number | PZ7.1.U86 |
| Item number | Mi 2026 |
| 082 04 - DEWEY DECIMAL CLASSIFICATION NUMBER | |
| Classification number | 813.6 |
| Edition information | 23 |
| 082 14 - DEWEY DECIMAL CLASSIFICATION NUMBER | |
| Classification number | [Fic] |
| Edition information | 23 |
| 092 ## - LOCALLY ASSIGNED DEWEY CALL NUMBER (OCLC) | |
| Classification number | J Fic |
| Item number | Uss |
| 049 ## - LOCAL HOLDINGS (OCLC) | |
| Holding library | VPW1 |
| 100 1# - MAIN ENTRY--PERSONAL NAME | |
| Personal name | Uss, Christina, |
| Relator term | author. |
| Relationship | aut |
| -- | http://id.loc.gov/vocabulary/relators/aut |
| Real World Object URI | https://id.oclc.org/worldcat/entity/E39PCjtkkYFff69WqP9bRw3vpP |
| -- | http://id.loc.gov/rwo/agents/n2017051081 |
| 245 10 - TITLE STATEMENT | |
| Title | Midnight mayhem / |
| Statement of responsibility, etc. | Christina Uss. |
| 250 ## - EDITION STATEMENT | |
| Edition statement | First edition. |
| 264 #1 - PRODUCTION, PUBLICATION, DISTRIBUTION, MANUFACTURE, AND COPYRIGHT NOTICE | |
| Place of production, publication, distribution, manufacture | New York : |
| Name of producer, publisher, distributor, manufacturer | Holiday House, |
| Date of production, publication, distribution, manufacture, or copyright notice | [2026] |
| 264 #4 - PRODUCTION, PUBLICATION, DISTRIBUTION, MANUFACTURE, AND COPYRIGHT NOTICE | |
| Date of production, publication, distribution, manufacture, or copyright notice | ©2026 |
| 300 ## - PHYSICAL DESCRIPTION | |
| Extent | 164 pages : |
| Other physical details | illustrations ; |
| Dimensions | 22 cm |
| 334 ## - MODE OF ISSUANCE | |
| Mode of issuance term | single unit |
| Mode of issuance code | mono |
| Authority record control number or standard number | http://id.loc.gov/vocabulary/issuance/mono |
| 336 ## - CONTENT TYPE | |
| Content type term | text |
| Content type code | txt |
| Source | rdacontent |
| Authority record control number or standard number | http://id.loc.gov/vocabulary/contentTypes/txt |
| 337 ## - MEDIA TYPE | |
| Media type term | unmediated |
| Media type code | n |
| Source | rdamedia |
| Authority record control number or standard number | http://id.loc.gov/vocabulary/mediaTypes/n |
| 338 ## - CARRIER TYPE | |
| Carrier type term | volume |
| Carrier type code | nc |
| Source | rdacarrier |
| Authority record control number or standard number | http://id.loc.gov/vocabulary/carriers/nc |
| 385 ## - AUDIENCE CHARACTERISTICS | |
| Demographic group term | Age group |
| Demographic group code | age |
| Audience term | Preteens |
| Source | lcdgt |
| Authority record control number or standard number | http://id.loc.gov/authorities/demographicTerms/dg2015060394 |
| 520 ## - SUMMARY, ETC. | |
| Summary, etc. | Insomnia enables eleven-year-olds Kaz and Floyd to wreak havoc on a sleeping Philadelphia, but Kaz risks losing his best friend forever when he discovers an antidote for his sleeplessness. |
| 520 ## - SUMMARY, ETC. | |
| Summary, etc. | "One weird breakfast can change your life forever. Kaz Jakobsen knows things will never be the same after his family's sudden move to Philadelphia. He'll have to make new friends, which isn't his strong suit. But an even bigger change arrives at a restaurant where he orders a bagel sandwich. Kaz eats a potent combo of the world's greenest mustard and rootiest root beer ... and loses his ability to sleep. Scientifically, brain + no sleep = kablammo. The longest a human insomniac has gone without sleep is eleven days. What will happen to Kaz without sleep for more than seventy years? How will he survive the lonely boredom? Kaz luckily meets Floyd, a fellow non-sleeping kid. Floyd thinks being sleepless is a superpower, a chance to try a million new things. He takes Kaz on madcap midnight adventures, introducing him to all the things kids are allowed to do at night in Philadelphia. And a few things they aren't. The bad news: His ideas always seem to lead to mayhem. Kaz wants to keep Floyd's friendship but lose the mayhem. When he learns there's an antidote to a lifetime awake, he has a tough choice to make. If Kaz cures his sleeplessness, will he lose the best friend he's ever had?"-- |
| Assigning source | Page 4 of cover. |
| 521 1# - TARGET AUDIENCE NOTE | |
| Target audience note | Ages 8-12 |
| Source | Holiday House. |
| 521 2# - TARGET AUDIENCE NOTE | |
| Target audience note | Grades 4-6 |
| Source | Holiday House. |
| 650 #0 - SUBJECT ADDED ENTRY--TOPICAL TERM | |
| Topical term or geographic name entry element | Best friends |
| Form subdivision | Juvenile fiction. |
| 650 #0 - SUBJECT ADDED ENTRY--TOPICAL TERM | |
| Topical term or geographic name entry element | Friendship |
| Form subdivision | Juvenile fiction. |
| 650 #0 - SUBJECT ADDED ENTRY--TOPICAL TERM | |
| Topical term or geographic name entry element | Insomnia |
| Form subdivision | Juvenile fiction. |
| 650 #1 - SUBJECT ADDED ENTRY--TOPICAL TERM | |
| Topical term or geographic name entry element | Best friends |
| Form subdivision | Fiction. |
| 650 #1 - SUBJECT ADDED ENTRY--TOPICAL TERM | |
| Topical term or geographic name entry element | Friendship |
| Form subdivision | Fiction. |
| 650 #1 - SUBJECT ADDED ENTRY--TOPICAL TERM | |
| Topical term or geographic name entry element | Insomnia |
| Form subdivision | Fiction. |
| 650 #6 - SUBJECT ADDED ENTRY--TOPICAL TERM | |
| Topical term or geographic name entry element | Amis |
| Authority record control number or standard number | (CaQQLa)201-0338476 |
| Form subdivision | Romans, nouvelles, etc. pour la jeunesse. |
| Authority record control number or standard number | (CaQQLa)201-0376960 |
| 650 #6 - SUBJECT ADDED ENTRY--TOPICAL TERM | |
| Topical term or geographic name entry element | Amitié |
| Authority record control number or standard number | (CaQQLa)201-0002453 |
| Form subdivision | Romans, nouvelles, etc. pour la jeunesse. |
| Authority record control number or standard number | (CaQQLa)201-0376960 |
| 650 #6 - SUBJECT ADDED ENTRY--TOPICAL TERM | |
| Topical term or geographic name entry element | Insomnie |
| Authority record control number or standard number | (CaQQLa)201-0033718 |
| Form subdivision | Romans, nouvelles, etc. pour la jeunesse. |
| Authority record control number or standard number | (CaQQLa)201-0376960 |
| 650 #7 - SUBJECT ADDED ENTRY--TOPICAL TERM | |
| Topical term or geographic name entry element | Best friends |
| Form subdivision | Fiction. |
| Source of heading or term | sears |
| 650 #7 - SUBJECT ADDED ENTRY--TOPICAL TERM | |
| Topical term or geographic name entry element | Friendship |
| Form subdivision | Fiction. |
| Source of heading or term | sears |
| 650 #7 - SUBJECT ADDED ENTRY--TOPICAL TERM | |
| Topical term or geographic name entry element | Insomnia |
| Form subdivision | Fiction. |
| Source of heading or term | sears |
| 655 #7 - INDEX TERM--GENRE/FORM | |
| Genre/form data or focus term | Novels. |
| Source of term | lcgft |
| 655 #7 - INDEX TERM--GENRE/FORM | |
| Genre/form data or focus term | Fiction. |
| Source of term | lcgft |
| 910 ## - USER-OPTION DATA (OCLC) | |
| User-option data | n26/4 cr |
No items available.